Váratlan és meglepő összefüggések az ELTE Matematikai múzeum tárgyai között bemutató Wolfram Mathematica demonstrációk, Zometool és StyroBlock modellező rendszerek segítségével /

Elmentve itt :
Bibliográfiai részletek
Szerző: Kabai Sándor
Testületi szerző: Eötvös Loránd Kollégium Eötvös Esték
Dokumentumtípus: Prezentáció
Megjelent: 2012
Kulcsszavak:matematika
Tárgyszavak:
Online Access:http://eta.bibl.u-szeged.hu/4582
LEADER 00909nnm a2200217 i 4500
001 eta4582
005 20210107144526.0
008 210107s2012 hu o 0|| hun d
040 |a SZTE Elektronikus Tananyag Archívum  |b hun 
041 |a hun 
100 1 |a Kabai Sándor 
245 1 0 |a Váratlan és meglepő összefüggések az ELTE Matematikai múzeum tárgyai között   |h [elektronikus dokumentum] :  |b bemutató Wolfram Mathematica demonstrációk, Zometool és StyroBlock modellező rendszerek segítségével /  |c  Kabai Sándor 
260 |c 2012 
300 |a 20 
516 |a Presentation 
650 4 |a Természettudományok 
650 4 |a Matematika 
650 4 |a Elméleti és alkalmazott matematika 
695 |a matematika 
711 |a Eötvös Loránd Kollégium Eötvös Esték  |c Szeged, Magyarország  |d 2012. szeptember 25. 
856 4 0 |u https://eta.bibl.u-szeged.hu/4582/1/2010-0012_71_05.pdf  |z Dokumentum-elérés